| 000 | 01394nam0a22003251 4500 | ||
|---|---|---|---|
| 001 | rc\94288 | ||
| 005 | 20250620180351.0 | ||
| 010 |
_a5-7644-0519-Х _bСтавроп. кн. изд-во _915000 |
||
| 035 | _a(NLR Aleph) 005359632 | ||
| 090 |
_a6884358 _c6884358 |
||
| 100 | _a20021216d1993 |||y0rusy50 ca | ||
| 101 | 0 |
_arus _akrc |
|
| 102 | _aRU | ||
| 105 | _ay ||||||||| | ||
| 200 | 1 |
_aРусско-карачаевский учебный словарь _eОк. 5000 слов _eПособие для школьников ст. классов и учащихся сред. учеб. заведений _fГочияева С.А., Суюнчев Х.И., Эбзеева А.И. |
|
| 205 | _a[1-е изд.] | ||
| 210 |
_aЧеркесск _cКарачаево-Черкес. респ. кн. изд-во _d1993 |
||
| 215 |
_a317, [2] с. _d21 |
||
| 300 | _aЗагл. также: карачаево-балкар. | ||
| 300 | _aПер.: карачаево-балкар. | ||
| 700 | 1 |
_aГочияева _bС.А. _gСофья Аюбовна |
|
| 701 | 1 |
_7ca _8rus _aСуюнчев _bХ. И. _f1923-2005 _gХанафи Идрисович _9261850 _3RU\NLR\AUTH\770261906 |
|
| 701 | 1 |
_aЭбзеева _bА.И. _gАлла Исмаиловна |
|
| 801 | 0 |
_aRU _bNLR _gpsbo |
|
| 801 | 1 |
_aRU _bELAR _2rusmarc |
|
| 852 |
_aNLR _bОНЛ |
||
| 852 |
_aNLR _jОНЛ |
||
| 942 | _cBOOK | ||
| 980 | _aNB | ||